| 000 | 02533nam0a2200373 4500 | ||
|---|---|---|---|
| 001 | RU\NLR\bibl\936155 | ||
| 005 | 20260407095247.0 | ||
| 010 |
_a5-7638-0539-9 _91500 |
||
| 021 |
_aRU _b2006-11367 _9554 |
||
| 035 | _a(NLR Aleph) 000924356 | ||
| 090 |
_a119936 _c119936 |
||
| 100 | _a20060420d2004 |||y0rusy50 ca | ||
| 101 | 0 |
_arus _deng |
|
| 102 | _aRU | ||
| 105 | _aa ||||||||| | ||
| 200 | 1 |
_aКрасная книга Красноярского края _dRed data book of the Krasnoyarsk territory _eредкие и находящиеся под угрозой исчезновения виды животных _fМ-во природ. ресурсов Рос. Федерации, Гл. упр. природ. ресурсов и охраны окружающей среды МПР России по Краснояр. краю [и др. _gЕ.Е. Сыроечковский и др. _gотв. ред. А.П. Савченко, проф.] _zeng |
|
| 205 | _a2-е изд., перераб. и доп. | ||
| 210 |
_aКрасноярск _cИздательский центр Красноярского государственного университета _d2004 |
||
| 215 |
_a253 с. _cил., портр. _d26 |
||
| 300 | _aВ надзаг. также: М-во образования и науки Рос. Федерации, Краснояр. гос. ун-т, НИИ экологии рыбохоз. водоемов и назем. биосистем, М-во сел. хоз-ва Рос. Федерации [и др.] | ||
| 300 | _aРез. на англ. яз. | ||
| 320 | _aБиблиогр.: с. 225-249 | ||
| 320 | _aУказ.: с. 250-253 | ||
| 510 | 0 |
_aRed data book of the Krasnoyarsk territory _zeng |
|
| 606 | 1 |
_aЖивотные _xОхрана _yКрасноярский край _91706916 _3RU\NLR\auth\661058185 |
|
| 686 | _aЕ688(2Р54-4Кра) | ||
| 702 | 1 |
_4220 _7ca _8rus _aСыроечковский _bЕ. Е. _cмл. _gЕвгений Евгеньевич _9122838 _3RU\NLR\auth\7713137 |
|
| 702 | 1 |
_4340 _7ca _8rus _aСавченко _bА. П. _cд-р биол. наук _f1955- _gАлександр Петрович _940697 _3RU\NLR\auth\7757765 |
|
| 712 | 0 | 1 |
_4570 _aРоссийская Федерация _bГлавное управление природных ресурсов и охраны окружающей среды по Красноярскому краю _9606759 _3RU\NLR\AUTH\8810053174 |
| 801 | 0 |
_aRU _bNLR _c20060420 _grcr |
|
| 801 | 1 |
_aRU _bNLR _c20060420 |
|
| 942 | _cBOOK | ||
| 980 | _aNB | ||